Bhakti yoga pilgrimage: (Record no. 162321)

MARC details
000 -LEADER
fixed length control field 00594nam a2200181 4500
005 - DATE AND TIME OF LATEST TRANSACTION
control field 20190311115340.0
010 ## - LCCN (DPL NO)
LC control number ENG-124865
020 ## - INTERNATIONAL STANDARD BOOK NUMBER
International Standard Book Number 9788174791016
Terms of availability 850.00
035 ## - SYSTEM CONTROL NUMBER
System control number EN-108397
037 ## - SOURCE OF ACQUISITION
Source of stock number/acquisition DBAD/PUB
082 ## - DEWEY DECIMAL CLASSIFICATION NUMBER
Classification number 230.42
100 ## - MAIN ENTRY--PERSONAL NAME
Personal name Das,Sankirtan
245 ## - TITLE STATEMENT
Title Bhakti yoga pilgrimage:
Statement of responsibility, etc by Lovely Sharma
Remainder of title what patanjali and buddha did not teach/
260 ## - PUBLICATION, DISTRIBUTION, ETC. (IMPRINT)
Place of publication, distribution, etc New Delhi
Name of publisher, distributor, etc Kaveri Books
Date of publication, distribution, etc 2016
270 ## - ADDRESS
Address 4832/24,Ansari Road,
City New Delhi
Postal code 110002
Telephone number 011-23288140,23245799
Electronic mail address kaveribooks@gmail.com
300 ## - PHYSICAL DESCRIPTION
Extent 132p.
Dimensions 24cm(Hb)
942 ## - ADDED ENTRY ELEMENTS (KOHA)
Source of classification or shelving scheme Dewey Decimal Classification
Item type English Books
Classification part 230.42
Call number suffix DAS
Holdings
Withdrawn status Lost status Not for loan Collection code Home library Current library Date acquired Source of acquisition Cost, normal purchase price Full call number Barcode Copy number Cost, replacement price Koha item type
      Non-fiction Central Library Central Library 11/03/2019 DBAD/PUB 850.00 230.42 DAS EN-108397 1 850.00 English Books

© Delhi Public Library
Hit Counter
free hit counter